| 000 | 01094nam a22003497a 4500 | ||
|---|---|---|---|
| 001 | BR7700751 | ||
| 003 | BR-BrBNA | ||
| 005 | 20230928085159.0 | ||
| 007 | ta | ||
| 008 | 230509b bl.||||| |||| 00| 0 por d | ||
| 040 |
_aBR-BrBNA _bpor _cBiblioteca Nacional de Agricultura |
||
| 041 | _a(Por) | ||
| 072 |
_aL30 _b5214 _b5213 |
||
| 090 | _ 5214 BR7700751 | ||
| 100 | 1 | _aMendes, M. | |
| 110 | 1 |
_aUniversidade Federal de Minas Gerais, Belo Horizonte (Brasil). Escola de Veterinaria _0Tese (Mestre em Zootecnia) |
|
| 245 | 1 | _aCama de ave como fonte de nitrogenio para novilhos em confinamento na epoca da seca [Gado zebu] | |
| 260 | 3 |
_aBelo Horizonte, MG (Brasil): _c1976. |
|
| 300 | _a31 p. | ||
| 500 | _a13 tables; Bibliography p. 25-31 (51 ref.); Summary (Por) | ||
| 650 | _aConfinamento | ||
| 650 | _aCama de galinheiro | ||
| 650 | _aNitrogenio | ||
| 650 | _aGado leiteiro | ||
| 650 | _aGado holandes | ||
| 650 | _aGado de corte | ||
| 650 | _aGado zebu | ||
| 650 | _aNovilho | ||
| 650 | _aSuplemento nitrogenado | ||
| 909 |
_a202309 _bLucia _c55 _dLucia Elande |
||
| 942 | _cBK | ||
| 999 |
_c23162 _d23162 |
||